000 00762nam a2200217 a 4500
005 20140412111415.0
008 070813s19uu xx 00 eng d
020 _a0-439-20319-8
050 _aTR(PS E
_bHo77 2000
100 _aWeinberger, Kimberly
245 _aHopsalot's Garden /
_cKimberly Weinberger.
260 _aNew York :
_bScholastic,
_c2000.
300 _a1 v. (unpaged)
440 _aJumpstart
500 _a"Based on the #1 educational software for children"
520 _aWhen Hopsalot, the rabbit, plants his seeds in the spring, his garden is surpassed by those of his friends, but he must wait until fall to find out why.
650 _aGardens
_xfiction
650 _aRabbits
_xfiction
650 _aSeasons
_xfiction
999 _c105825
_d105825